|
|
|
|
| LEADER |
00000nam0a2200000 4500 |
| 001 |
353528 |
| 005 |
20231102010613.0 |
| 035 |
|
|
|a (RuTPU)RU\TPU\retro\10785
|
| 035 |
|
|
|a RU\TPU\retro\10691
|
| 090 |
|
|
|a 353528
|
| 100 |
|
|
|a 20200514d1973 k y0rusy50 ca
|
| 101 |
0 |
|
|a rus
|
| 102 |
|
|
|a RU
|
| 105 |
|
|
|a a z 001zy
|
| 200 |
1 |
|
|a Литолого-геохимические закономерности осадкообразования в ордовике и силуре Сибирской платформы
|f В. И. Бгатов
|g Сибирский научно-исследовательский институт геологии, геофизики и минерального сырья (СНИИГГиМС)
|
| 210 |
|
|
|a Красноярск
|c Красноярское книжное издательство
|d 1973
|
| 215 |
|
|
|a 240 с.
|c ил.
|
| 225 |
1 |
|
|a Труды Сибирского научно-исследовательского института геологии, геофизики и минерального сырья (СНИИГГиМС)
|v Вып. 147
|
| 320 |
|
|
|a Библиогр.: с. 232-239
|
| 606 |
1 |
|
|a Осадконакопление
|2 stltpush
|3 (RuTPU)RU\TPU\subj\47518
|9 66445
|
| 610 |
1 |
|
|a исследования
|
| 610 |
1 |
|
|a методика
|
| 610 |
1 |
|
|a литологический анализ
|
| 610 |
1 |
|
|a Сибирская платформа
|
| 610 |
1 |
|
|a ордовик
|
| 610 |
1 |
|
|a силур
|
| 610 |
1 |
|
|a гранулометрический анализ
|
| 610 |
1 |
|
|a литология
|
| 610 |
1 |
|
|a геохимия
|
| 610 |
1 |
|
|a породы
|
| 610 |
1 |
|
|a генезис
|
| 610 |
1 |
|
|a закономерности
|
| 675 |
|
|
|a 551.3.051
|v 4
|
| 700 |
|
1 |
|a Бгатов
|b В. И.
|
| 712 |
0 |
2 |
|a Сибирский научно-исследовательский институт геологии, геофизики и минерального сырья (СНИИГГиМС)
|c (Новосибирск)
|2 stltpush
|3 (RuTPU)RU\TPU\col\322
|
| 801 |
|
1 |
|a RU
|b 63413507
|c 20200422
|
| 801 |
|
2 |
|a RU
|b 63413507
|c 20200514
|g RCR
|
| 942 |
|
|
|c BK
|